| 000 | 00491nam a2200169 i 4500 | ||
|---|---|---|---|
| 001 | 46843 | ||
| 003 | ES-MaACL | ||
| 005 | 20230906161445.0 | ||
| 007 | t| | ||
| 008 | 030401s1973 sp a ||||1| spa d | ||
| 100 | 1 |
_aConrads, Ulrich. _940222 |
|
| 245 | 1 | 0 |
_aProgramas y manifiestos de la arquitectura del Siglo XX / _cUlrich Conrads. |
| 260 |
_a[Barcelona] : _bLumen, _c[1973] |
||
| 300 |
_a292 p. : _bil. ; _c19 cm. |
||
| 650 | 0 | 4 |
_aArquitectura- _yS.XX. _910007 |
| 852 |
_aES-MaACL _jC-56183 |
||
| 999 |
_c46843 _d46843 |
||